000 00685nam a2200229 a 4500
008
020 _a0874847141 (pbk.)
049 _aMAIN
090 _aH61.3
100 1 _aCozby, Paul C.
245 1 0 _aUsing computers in the behavioral sciences /
_cPaul C. Cozby.
260 _aPalo Alto, Calif. :
_bMayfield Pub. Co.,
_cc1984.
300 _ax, 187 p. :
_bill. ;
_c23 cm.
504 _aIncludes bibliographical references.
500 _aIncludes index.
650 0 _aSocial sciences
_xData processing.
907 _a.b10009334
_b21-06-03
_c17-04-03
003
005 20230123133121.0
040 _cNUST
942 _cBOOKS
_kH61.3
999 _c143014
_d143014